| 000 | 00420nam a2200157Ia 4500 | ||
|---|---|---|---|
| 008 | 221030s9999 xx 000 0 und d | ||
| 020 | _a0070663548 | ||
| 041 | _aEnglish | ||
| 100 | _aK. Hwang | ||
| 245 | 0 |
_aComputer Archintecture & Parallel Processing _cby K. Hwang, F. A. Briggs |
|
| 260 |
_bMcGraw - Hill Pub. _aNew Delhi _c2014 |
||
| 300 | _a846 | ||
| 650 | _aBE Computer | ||
| 700 | _aF. A. Briggs | ||
| 942 | _cBK | ||
| 999 |
_c13817 _d13817 |
||